000 00801nam a2200241 a 4500
999 _c23148
_d23148
001 vtls009613419
005 20220207131948.0
008 090627e2006 xo gr 000 m slo c
020 _a8089092284 (viaz.)
_c130.00 SK
035 _aTNKK096339
040 _aTTKJF
_bslo
_cTTKJF
_eAACR2
041 0 _aslo
044 _axo
_cSK
245 0 0 _aNemôžu byť všetci páni, musia byť i ľudia alebo Breviár slovenských prísloví a porekadiel
_c[zost. Kveta Dašková, Jana Steinerová]
250 _a3. vyd.
260 _aBratislava
_bQ 111
_c2006
300 _a167 s.
_c15 cm
490 1 _aVšetci ľudia (možno) všetko vedia
653 1 _apríslovia slovenské
653 1 _aporekadlá slovenské
700 1 _aDašková, Kveta,
_d1935-
_4com
_92714
700 1 _aSteinerová, Jana
_4com
_92715